| 000 | 00467cam a2200193ua 4500 | ||
|---|---|---|---|
| 020 | _c395.00 | ||
| 041 |
_aeng _h |
||
| 082 |
_a631.4 _bLEE/SO |
||
| 100 | _aLeeper, G W . | ||
| 245 |
_aSoil science an introduction / _cG W Leeper. _hTextual Documents |
||
| 250 |
_a5 / _b. |
||
| 260 |
_aNew Delhi : _bOverseas Press , _c2006. |
||
| 300 | _a299 ; . | ||
| 365 | _a395.00 | ||
| 504 | _a | ||
| 700 | 1 | _aUren, N C . | |
| 942 | _cBK | ||
| 999 |
_c13306 _d13306 |
||